The ways children learn music (Record no. 16029)

MARC details
000 -LEADER
fixed length control field 00612nam a22001697a 4500
008 - FIXED-LENGTH DATA ELEMENTS--GENERAL INFORMATION
fixed length control field 160630b xxu||||| |||| 00| 0 eng d
020 ## - INTERNATIONAL STANDARD BOOK NUMBER
International Standard Book Number 1579991084
040 ## - CATALOGING SOURCE
Original cataloging agency KABU
Transcribing agency KABU
050 ## - LIBRARY OF CONGRESS CALL NUMBER
Classification number MT1
Item number .B58 2000 c. 1
100 ## - MAIN ENTRY--PERSONAL NAME
Personal name Bluestine, Eric
245 ## - TITLE STATEMENT
Title The ways children learn music
Remainder of title an introduction and practical guide to music learning theory
Statement of responsibility, etc. Eric Bluestine
250 ## - EDITION STATEMENT
Edition statement 2nd ed.
Remainder of edition statement Revised and enlarged
260 ## - PUBLICATION, DISTRIBUTION, ETC. (IMPRINT)
Place of publication, distribution, etc. Chicago
Name of publisher, distributor, etc. GIA publications
Date of publication, distribution, etc. 2000
300 ## - PHYSICAL DESCRIPTION
Extent xv, 207 p.
650 ## - SUBJECT ADDED ENTRY--TOPICAL TERM
Topical term or geographic name as entry element Music
Form subdivision Instruction and study
General subdivision Juvenile
942 ## - ADDED ENTRY ELEMENTS (KOHA)
Source of classification or shelving scheme Library of Congress Classification
Koha item type General Collection
Edition 2nd ed.
Classification part MT1 .B58 2000 c. 1
Holdings
Withdrawn status Lost status Source of classification or shelving scheme Not for loan Home library Current library Date acquired Cost, normal purchase price Total Checkouts Full call number Barcode Date last seen Date last checked out Copy number Price effective from Koha item type
    Library of Congress Classification   Kabarak, Main Campus Kabarak, Main Campus 30/06/2016 1795.00 1 MT1 .B58 2000 c. 1 026196 28/11/2023 05/07/2023 c. 1 30/06/2016 General Collection
Designed with assistance from East African Informatics Ltd